THE BOOK OF KNOWLEDGE ( क.क्र.180 ) (Record no. 372236)

MARC details
000 -LEADER
fixed length control field 00464nam a2200157Ia 4500
008 - FIXED-LENGTH DATA ELEMENTS--GENERAL INFORMATION
fixed length control field 100122s9999 xx 000 0 und d
082 ## - DEWEY DECIMAL CLASSIFICATION NUMBER
Item number 39062
Classification number 1
100 ## - MAIN ENTRY--PERSONAL NAME
Personal name DEAN INTERNATONAL PUB
245 ## - TITLE STATEMENT
Title THE BOOK OF KNOWLEDGE ( क.क्र.180 )
250 ## - EDITION STATEMENT
Edition statement 1
260 ## - PUBLICATION, DISTRIBUTION, ETC. (IMPRINT)
Name of publisher, distributor, etc DEAN INTERNATIONAL PUBLISHING
Date of publication, distribution, etc 1985
300 ## - PHYSICAL DESCRIPTION
Extent 392
630 ## - SUBJECT ADDED ENTRY--UNIFORM TITLE
Uniform title THE BOOK OF KNOWLEDGE ( क.क्र.180 )
730 ## - ADDED ENTRY--UNIFORM TITLE
Uniform title THE BOOK OF KNOWLEDGE ( क.क्र.180 )
942 ## - ADDED ENTRY ELEMENTS (KOHA)
Koha item type Book
Holdings
Withdrawn status Lost status Damaged status Not for loan Home library Current library Date acquired Cost, normal purchase price Total Checkouts Full call number Barcode Date last seen Cost, replacement price Price effective from Koha item type Public note
        S.V. Pathak Library, Vile Parle S.V. Pathak Library, Vile Parle 09/24/1986 125.00   39062 SVPPARLE-39062 01/25/2010 125.00 01/25/2010 Book ", , General, NA"